| 000 -LEADER |
| fixed length control field |
02038pam a22003494a 4500 |
| 001 - CONTROL NUMBER |
| control field |
5299706 |
| 005 - DATE AND TIME OF LATEST TRANSACTION |
| control field |
20170105102938.0 |
| 008 - FIXED-LENGTH DATA ELEMENTS--GENERAL INFORMATION |
| fixed length control field |
040921s2005 mdub b 001 0 eng |
| 010 ## - LIBRARY OF CONGRESS CONTROL NUMBER |
| LC control number |
2004022277 |
| 020 ## - INTERNATIONAL STANDARD BOOK NUMBER |
| International Standard Book Number |
0742525864 (cloth : alk. paper) |
| 020 ## - INTERNATIONAL STANDARD BOOK NUMBER |
| International Standard Book Number |
0742525872 (pbk. : alk. paper) |
| 035 ## - SYSTEM CONTROL NUMBER |
| System control number |
(OCoLC)ocm56567066 |
| 035 ## - SYSTEM CONTROL NUMBER |
| System control number |
(NNC)5299706 |
| 040 ## - CATALOGING SOURCE |
| Original cataloging agency |
DLC |
| Transcribing agency |
DLC |
| Modifying agency |
YDX |
| -- |
OrLoB-B |
| 042 ## - AUTHENTICATION CODE |
| Authentication code |
pcc |
| 043 ## - GEOGRAPHIC AREA CODE |
| Geographic area code |
az----- |
| 050 00 - LIBRARY OF CONGRESS CALL NUMBER |
| Classification number |
DS341 |
| Item number |
.S653 2005 |
| 082 00 - DEWEY DECIMAL CLASSIFICATION NUMBER |
| Classification number |
320.95 |
| Edition number |
22 |
| Author Mark |
SOU 2005 |
| 245 00 - TITLE STATEMENT |
| Title |
South Asia in world politics / |
| Statement of responsibility, etc. |
edited by Devin T. Hagerty. |
| 260 ## - PUBLICATION, DISTRIBUTION, ETC. |
| Place of publication, distribution, etc. |
Lanham, Md. : |
| Name of publisher, distributor, etc. |
Rowman & Littlefield Publishers, |
| Date of publication, distribution, etc. |
c2005. |
| 300 ## - PHYSICAL DESCRIPTION |
| Extent |
xviii, 312 p. : |
| Other physical details |
1 map ; |
| Dimensions |
23 cm. |
| 490 1# - SERIES STATEMENT |
| Series statement |
Asia in world politics |
| 504 ## - BIBLIOGRAPHY, ETC. NOTE |
| Bibliography, etc. note |
Includes bibliographical references and index. |
| 505 00 - FORMATTED CONTENTS NOTE |
| Title |
South Asia chronology -- |
| -- |
Introduction : South Asia in world politics / |
| Statement of responsibility |
Devin T. Hagerty -- |
| Miscellaneous information |
1. |
| Title |
India's foreign relations / |
| Statement of responsibility |
Devin T. Hagerty and Herbert G. Hagerty -- |
| Miscellaneous information |
2. |
| Title |
Pakistan's foreign relations / |
| Statement of responsibility |
Peter R. Lavoy -- |
| Miscellaneous information |
3. |
| Title |
Bangladesh's foreign relations / |
| Statement of responsibility |
Craig Baxter -- |
| Miscellaneous information |
4. |
| Title |
South Asia's small states in world politics / |
| Statement of responsibility |
Swarna Rajagopalan -- |
| Miscellaneous information |
5. |
| Title |
The reconstitution and reconstruction of Afghanistan / |
| Statement of responsibility |
Devin T. Hagerty and Herbert G. Hagerty -- |
| Miscellaneous information |
6. |
| Title |
Great-power foreign policies in South Asia / |
| Statement of responsibility |
Robert Wirsing -- |
| Miscellaneous information |
7. |
| Title |
Kashmir and India-Pakistan nuclear issues / |
| Statement of responsibility |
Gaurav Kampani -- |
| Miscellaneous information |
8. |
| Title |
International dimensions of ethnic conflict / |
| Statement of responsibility |
Maya Chadda -- |
| Miscellaneous information |
9. |
| Title |
Religion and politics / |
| Statement of responsibility |
David Taylor -- |
| Miscellaneous information |
10. |
| Title |
Democratization and development / |
| Statement of responsibility |
Jonah Blank -- |
| Miscellaneous information |
11. |
| Title |
Globalization and economic liberalization / |
| Statement of responsibility |
Anupam Srivastava -- |
| Miscellaneous information |
12. |
| Title |
The war on terrorism : implications for South Asia / |
| Statement of responsibility |
Timothy D. Hoyt. |
| 651 #0 - SUBJECT ADDED ENTRY--GEOGRAPHIC NAME |
| Geographic name |
South Asia |
| General subdivision |
Foreign relations. |
| 651 #0 - SUBJECT ADDED ENTRY--GEOGRAPHIC NAME |
| Geographic name |
South Asia |
| General subdivision |
Politics and government. |
| 700 1# - ADDED ENTRY--PERSONAL NAME |
| Personal name |
Hagerty, Devin T. |
| 830 #0 - SERIES ADDED ENTRY--UNIFORM TITLE |
| Uniform title |
Asia in world politics. |
| 856 41 - ELECTRONIC LOCATION AND ACCESS |
| Materials specified |
Table of contents |
| Uniform Resource Identifier |
<a href="http://www.loc.gov/catdir/toc/ecip051/2004022277.html">http://www.loc.gov/catdir/toc/ecip051/2004022277.html</a> |
| 900 ## - EQUIVALENCE OR CROSS-REFERENCE-PERSONAL NAME [LOCAL, CANADA] |
| Numeration |
TOC |
| 942 ## - ADDED ENTRY ELEMENTS (KOHA) |
| Source of classification or shelving scheme |
|
| Koha item type |
Book |